Krízová komunikácia ako nástroj krízového manažmentu

Model krízovej komunikácie tvorený jednotlivými prvkami komunikačného reťazca. Základné princípy a pravidlá krízovej komunikácie. Stratégia krízovej komunikácie. Public relations a práca s médiami počas krízovej komunikácie. Predchádzanie a účinné zvládanie krízových situácií

Guardado en:
Detalles Bibliográficos
Autor principal: Frianová, Viera
Formato: Capítulo de libro
Lenguaje:eslovaco
Materias:
Etiquetas: Agregar Etiqueta
Sin Etiquetas, Sea el primero en etiquetar este registro!

MARC

LEADER 00000naa$a2200000$$$4500
001 0090059
005 20231011093926.9
041 0 |a slo 
044 |a SK 
245 1 0 |a Krízová komunikácia ako nástroj krízového manažmentu  |c Viera Frianová 
520 |a Model krízovej komunikácie tvorený jednotlivými prvkami komunikačného reťazca. Základné princípy a pravidlá krízovej komunikácie. Stratégia krízovej komunikácie. Public relations a práca s médiami počas krízovej komunikácie. Predchádzanie a účinné zvládanie krízových situácií 
610 2 0 |a manažment krízový 
610 2 0 |a manažment komunikačný 
610 2 0 |a mix komunikačný 
100 1 |a Frianová, Viera